| 000 | 00460nam a22001697a 4500 | ||
|---|---|---|---|
| 003 | OSt | ||
| 008 | 241202b |||||||| |||| 00| 0 eng d | ||
| 082 |
_a630.716 _bI-2N |
||
| 100 | _aICAR Research Complex for N.E.H. | ||
| 245 | _aAnnual Report, 2008 - 09 | ||
| 260 |
_a.- Umiam, Meghalaya _b: ICAR Research Complex for N.E.H. Region _c, 2009 |
||
| 300 | _a230p. | ||
| 650 | _aAnnual Report | ||
| 650 | _aICAR-RC-N.E.H. | ||
| 650 | _aUmiam | ||
| 942 |
_2ddc _cRP |
||
| 999 |
_c47220 _d47220 |
||